| 000 | 01745nam a2200433 c 4500 | ||
|---|---|---|---|
| 999 |
_c51598 _d51598 |
||
| 001 | 51598 | ||
| 003 | ES-MaCES | ||
| 005 | 20201125112040.0 | ||
| 007 | cr ||||||||||| | ||
| 008 | 201124s2019 sp r i000 | spa d | ||
| 020 | _a97892-21340829 | ||
| 020 | _a9789221340836 (pdf web) | ||
| 040 |
_aES-MaCES _bspa _cES-MaCES |
||
| 041 | 0 | _aspa | |
| 041 | 0 |
_aspa _afre _aeng |
|
| 100 | 1 |
_939763 _aMaul, Daniel |
|
| 245 | 1 | 3 |
_aLa Organización Internacional del Trabajo _b: 100 años de políticas sociales a escala mundial _cDaniel Maul |
| 250 | _a1ª ed | ||
| 260 |
_aGinebra _bOIT _c2019 |
||
| 300 |
_aX, 320 p. _bfot. bl. y n. _c1 documento pdf (5.808 kb) |
||
| 500 | _aDisponible también en francés y en inglés bajo los tits. respectivamente: L’Organisation internationale du Travail :100 ans de politique sociale à l’ échelle mondiale ; The International Labour Organization : 100 years of global social policy | ||
| 500 | _aÍndices | ||
| 504 | _aBibliografía: [297]-317 | ||
| 541 | _cCompra | ||
| 650 | 4 |
_aOIT _926720 |
|
| 650 | 4 |
_apapel de la OIT _929112 |
|
| 650 | 4 |
_apolítica social _927029 |
|
| 650 | 4 |
_aderechos económicos y sociales _929875 |
|
| 650 | 4 |
_aactividad normativa de la OIT _930712 |
|
| 650 | 4 |
_a1919-2019 _939583 |
|
| 650 | 4 |
_ahistoria _927251 |
|
| 653 | 1 | 0 | _aOrganizaciones |
| 710 | 2 |
_aOrganización Internacional del Trabajo _94739 _eed. |
|
| 740 | 2 | 2 | _aL’Organisation internationale du Travail :100 ans de politique sociale à l’ échelle mondiale |
| 740 | 4 | 2 | _aThe International Labour Organization : 100 years of global social policy |
| 856 | 4 |
_uhttp://biblioteca.ces.es/repintra/B51598.pdf _ytexto completo _z[intranet] |
|
| 902 | _aLIB Libro | ||
| 942 |
_2CES _cBK _h6.4. |
||